[Event "Saint Affrique op 20th"]
[Site "Saint Affrique"]
[Date "2012.07.21"]
[Round "1"]
[White "Cioara, Andrei Nestor"]
[Black "Desarnaud, Manon"]
[Result "1-0"]
[WhiteElo "2477"]
[BlackElo "1714"]
[PlyCount "49"]
[EventDate "2012.07.21"]
[EventType "swiss"]
[EventRounds "9"]
[EventCountry "FRA"]
[SourceTitle "CBM 149 Extra"]
[Source "ChessBase"]
[SourceDate "2012.08.24"]
[SourceVersion "1"]
[SourceVersionDate "2012.08.24"]
[SourceQuality "1"]

1. d4 d5 2. c4 e6 3. Nf3 Nf6 4. g3 c5 5. Bg2 Nc6 6. 0-0 Bd7 7. cxd5 Nxd5 8. e4 Nb6 9. d5 Nb4 10. a3 Na6 11. Nc3 exd5 12. exd5 Be7 13. d6 Bf6 14. Re1+ Be6 15. Ne5 Rb8 16. Bf4 0-0 17. Nb5 Bxe5 18. Bxe5 Qd7 19. Nc7 Bg4 20. Qc1 f6 21. Bf4 g5 22. Re7 Qd8 23. Qc2 f5 24. Ne6 Qc8 25. Qc3 1-0

[Event "FRA-ch U14 Girls"]
[Site "Troyes"]
[Date "2010.04.14"]
[Round "5"]
[White "Abidi, Hasma"]
[Black "Desarnaud, Manon"]
[Result "1-0"]
[WhiteElo "1740"]
[BlackElo "1570"]
[PlyCount "81"]
[EventDate "2010.04.11"]
[EventType "swiss"]
[EventRounds "9"]
[EventCountry "FRA"]
[SourceTitle "EXT 2012"]
[Source "ChessBase"]
[SourceDate "2011.11.24"]
[SourceVersion "1"]
[SourceVersionDate "2011.11.24"]
[SourceQuality "1"]

1. d4 d5 2. Nf3 Nf6 3. Bf4 Bf5 4. c4 c6 5. e3 e6 6. Nc3 Nbd7 7. Be2 dxc4 8. Bxc4 b5 9. Be2 a6 10. h3 c5 11. dxc5 Nxc5 12. Nd4 Rc8 13. Nxf5 exf5 14. 0-0 Be7 15. Qxd8+ Rxd8 16. Rfd1 0-0 17. Rac1 Nfe4 18. Nd5 Rd7 19. Nxe7+ Rxe7 20. f3 h6 21. fxe4 Nxe4 22. Bf3 g5 23. Bh2 Rfe8 24. Rc6 Re6 25. Rxe6 Rxe6 26. Bxe4 fxe4 27. Rd6 Rxd6 28. Bxd6 f5 29. Kf2 Kf7 30. g4 fxg4 31. hxg4 Kg6 32. Ke2 h5 33. gxh5+ Kxh5 34. Kd2 Kg4 35. Kc3 Kf3 36. Kd4 a5 37. b3 g4 38. a4 bxa4 39. bxa4 g3 40. Bxg3 Kxg3 41. Kxe4 1-0

[Event "FRA-ch U14 Girls"]
[Site "Troyes"]
[Date "2010.04.12"]
[Round "3"]
[White "Bekhouche, Marion"]
[Black "Desarnaud, Manon"]
[Result "1-0"]
[WhiteElo "1707"]
[BlackElo "1570"]
[PlyCount "80"]
[EventDate "2010.04.11"]
[EventType "swiss"]
[EventRounds "9"]
[EventCountry "FRA"]
[SourceTitle "EXT 2012"]
[Source "ChessBase"]
[SourceDate "2011.11.24"]
[SourceVersion "1"]
[SourceVersionDate "2011.11.24"]
[SourceQuality "1"]

1. d4 d5 2. Nf3 Nf6 3. c4 c6 4. Nc3 Bf5 5. Qb3 Qd7 6. cxd5 cxd5 7. Ne5 Qc7 8. Nxd5 Nxd5 9. Qxd5 e6 10. Qc4 Qxc4 11. Nxc4 Nc6 12. e3 a6 13. Be2 b5 14. Nd2 Bd6 15. 0-0 0-0 16. Bf3 Rac8 17. Ne4 Bxe4 18. Bxe4 f5 19. Bf3 e5 20. Rd1 Rfd8 21. Bxc6 Rxc6 22. dxe5 Bc7 23. Rxd8+ Bxd8 24. Bd2 Bc7 25. Bc3 a5 26. a3 a4 27. Rd1 Bb6 28. g3 g6 29. Rd7 h5 30. h4 Kf8 31. Kg2 Kg8 32. Kf3 Kf8 33. Rd6 Rxd6 34. exd6 Bc5 35. Bb4 Bb6 36. Kf4 Kg7 37. Ke5 Kf7 38. Kd5 Bd8 39. Kc6 Ke6 40. Kxb5 Ke5 1-0

[Event "FRA-ch U12 Girls"]
[Site "Aix les Bains"]
[Date "2009.04.24"]
[Round "7"]
[White "Desarnaud, Manon"]
[Black "Imperor, Lorene"]
[Result "1/2-1/2"]
[WhiteElo "1600"]
[BlackElo "1667"]
[PlyCount "165"]
[EventDate "2009.04.19"]
[EventType "swiss"]
[EventRounds "9"]
[EventCountry "FRA"]
[SourceTitle "CBM 130 Extra"]
[Source "ChessBase"]
[SourceDate "2009.07.02"]
[SourceVersion "2"]
[SourceVersionDate "2009.07.15"]
[SourceQuality "1"]

1. Nf3 d5 2. d4 Nf6 3. e3 c6 4. c4 e6 5. Nc3 Nbd7 6. Bd3 dxc4 7. Bxc4 b5 8. Bd3 a6 9. 0-0 Be7 10. e4 0-0 11. Qc2 Ne8 12. e5 f5 13. Bf4 Bb7 14. Qb3 Nc7 15. a3 c5 16. Be2 Nd5 17. Nxd5 Bxd5 18. Qc3 Rc8 19. Rac1 Qb6 20. Rfd1 Rc7 21. Be3 Rfc8 22. Qd3 Rf8 23. Bf4 Be4 24. Qe3 Rfc8 25. Qd2 cxd4 26. Rxc7 Rxc7 27. Nxd4 Bc5 28. h3 Bxd4 29. Qxd4 Qc6 30. Qc3 Qxc3 31. bxc3 Bd5 32. Rc1 Nc5 33. f3 Nb3 34. Rc2 Bc4 35. Bxc4 Rxc4 36. Bg3 f4 37. Bf2 Ra4 38. Ra2 Na5 39. Kf1 Nc4 40. Bc5 Nxe5 41. Ke2 Rc4 42. Bd4 Ng6 43. Kd3 Kf7 44. Re2 Rc7 45. Ke4 Rc4 46. Kd3 Ra4 47. Bc5 Kf6 48. Bb4 Ne5+ 49. Kd4 Nc6+ 50. Kc5 Nxb4 51. axb4 Ra1 52. Rd2 Re1 53. Kb6 Ra1 54. Kc5 Kf5 55. Rd3 e5 56. Kb6 h6 57. Kc5 Re1 58. Rd2 Kg5 59. Rd5 Kh4 60. Kb6 Kg3 61. Rd2 e4 62. fxe4 Rxe4 63. Kxa6 Re5 64. Kb6 g5 65. Kc6 h5 66. Kd6 Re3 67. Kc5 g4 68. hxg4 hxg4 69. Kxb5 Rxc3 70. Ka4 f3 71. gxf3 gxf3 72. b5 f2 73. Rxf2 Kxf2 74. b6 Rc1 75. Ka5 Ra1+ 76. Kb5 Ke3 77. b7 Kd4 78. Kb6 Rb1+ 79. Kc6 Ke5 80. Kc7 Rc1+ 81. Kb6 Rb1+ 82. Kc7 Rc1+ 83. Kb6 1/2-1/2

[Event "Cap d'Agde Avenir op"]
[Site "Cap d'Agde"]
[Date "2008.10.25"]
[Round "1"]
[White "Oppe, Jean Marc"]
[Black "Desarnaud, Manon"]
[Result "1-0"]
[WhiteElo "1790"]
[BlackElo "1450"]
[PlyCount "52"]
[EventDate "2008.10.25"]
[EventType "swiss"]
[EventRounds "9"]
[EventCountry "FRA"]
[SourceTitle "EXT 2010"]
[Source "ChessBase"]
[SourceDate "2010.11.25"]
[SourceVersion "1"]
[SourceVersionDate "2010.11.25"]
[SourceQuality "1"]

1. d4 d5 2. Bf4 Bf5 3. e3 e6 4. a3 a6 5. Nd2 c5 6. c4 Nc6 7. Ngf3 Qb6 8. Qb3 Qxb3 9. Nxb3 b6 10. Bc7 Ra7 11. Bg3 g6 12. Rc1 Bg7 13. cxd5 exd5 14. dxc5 Bxb2 15. cxb6 Rb7 16. Rxc6 Kd7 17. Rd6+ Ke7 18. Bxa6 Bxa3 19. Rc6 Rd7 20. b7 Nf6 21. Be5 Re8 22. Bxf6+ Kf8 23. Rc8 Rxb7 24. Rxe8+ Kxe8 25. Bxb7 Bd3 26. Bc3 Bf5 1-0

[Event "FRA-ch U12 Girls"]
[Site "La Roche sur Yon"]
[Date "2008.04.23"]
[Round "5"]
[White "Massard, Aurelie"]
[Black "Desarnaud, Manon"]
[Result "1-0"]
[WhiteElo "1630"]
[BlackElo "1490"]
[PlyCount "67"]
[EventDate "2008.04.21"]
[EventType "swiss"]
[EventRounds "9"]
[EventCountry "FRA"]
[SourceTitle "EXT 2010"]
[Source "ChessBase"]
[SourceDate "2010.11.25"]
[SourceVersion "1"]
[SourceVersionDate "2010.11.25"]
[SourceQuality "1"]

1. d4 d5 2. Bf4 Bf5 3. e3 e6 4. c4 c5 5. cxd5 exd5 6. Qb3 b6 7. Nc3 c4 8. Qb5+ Bd7 9. Qxd5 Nc6 10. Bxc4 Qe7 11. Nb5 Rc8 12. Nd6+ Kd8 13. Nb7+ Ke8 14. Bd6 Qf6 15. Be5 Qe6 16. Qxe6+ Bxe6 17. Bxe6 fxe6 18. Nd6+ Bxd6 19. Bxg7 Nb4 20. Ke2 Rc2+ 21. Kf3 Rxb2 22. Bxh8 Nc2 23. d5 Rb5 24. Rc1 Nb4 25. Rc8+ Kf7 26. dxe6+ Kxe6 27. Rxg8 Nd3 28. Nh3 Ra5 29. Rd1 Nb4 30. Ng5+ Ke7 31. Rg7+ Kf6 32. Rxd6+ Ke5 33. Rgg6+ Kf5 34. e4# 1-0